00437cam a22001332 4500001001100000005001700011008004100028040001500069100003400084245009700118260002700215300001100242630005000253000002157320151021151142.0120720s xx 000 0 eng d aKABUcKABU1 aBussey, Martin K.@000014932914aThe Message of Romans :ba commentary for the church in Africa today /cby Martin K. Bussey. aKenya :bACTs,cc1997. a133 p.00aBible. N.T. RomansxCommentaries.@0000149330